LEADER 01043nam0-2200313 --450 001 9910633896203321 005 20230802124220.0 010 $a978-88-921-4286-2 010 $a978-88-921-8544-9$beBook-PDF 100 $a20230105d2021----kmuy0itay5050 ba 101 0 $aita 102 $aIT 105 $a 001yy 200 1 $a<>aree protette come modelli di sviluppo sostenibile nella transizione ecologica$fMarialuisa Saviano 210 $aTorino$cGiappichelli$d2021 215 $aXIX, 121 p.$cill.$d24 cm 225 1 $aSystems management. Sezione italiana$v9 610 0 $aSviluppo sostenibile$aRuolo [delle] Aree protette$aItalia 676 $a338.927$v23$zita 700 1$aSaviano,$bMarialuisa$0560600 801 0$aIT$bUNINA$gREICAT$2UNIMARC 901 $aBK 912 $a9910633896203321 952 $a22 T 249$bCP 897$fDDCP 952 $aVI L 124$b2022/1258$fFGBC 959 $aFGBC 959 $aDDCP 996 $aAree protette come modelli di sviluppo sostenibile nella transizione ecologica$92996669 997 $aUNINA